| 000 | 00960cab a2200217 4500 | ||
|---|---|---|---|
| 001 | ABS38207 | ||
| 008 | 090401t1987 xxu||||| |||| 00| 0 eng d | ||
| 035 | _a(Sirsi) u9216 | ||
| 041 | _aeng | ||
| 100 | _aOrgan, J. | ||
| 245 | _aIndustrial property into the 1990s - occupiers` needs | ||
| 260 | _c1987 | ||
| 350 | _a0 | ||
| 490 |
_aEstates Times _vNo 911 11 September 1987, 16(1) |
||
| 520 | _aExamines the effect the "third industrial revolution" will have on the industrial market to the end of the century. Looks at likely changes to the high tech electronics sector, regeneration of inner cities , science parks and research parks . Also considers changes in storage and distribution patterns and how changing demands will have an effect on occupiers requirements - especially in the south east. | ||
| 650 | _aINDUSTRIAL PROPERTY | ||
| 650 | _aTENANTS REQUIREMENTS | ||
| 690 | _aPROPERTY-COMMERCIAL PROPERTY | ||
| 942 | _n0 | ||
| 948 | _c04/03/1997 | ||
| 999 |
_c5719 _d5719 |
||